West Ham United Hammer of the Year - Statistics

General Stats
  • This quiz has been taken 732 times
    8 since last reset
  • The average score is 20 of 69
Answer Stats
Year Answer % Correct
2012 Mark Noble
100%
2014 Mark Noble
100%
2021 Tomáš Souček
83%
1961 Bobby Moore
67%
1963 Bobby Moore
67%
1968 Bobby Moore
67%
1970 Bobby Moore
67%
2016 Dimitri Payet
67%
2024 Jarrod Bowen
67%
2003 Joe Cole
67%
2020 Declan Rice
50%
2022 Declan Rice
50%
2023 Declan Rice
50%
1966 Geoff Hurst
50%
1967 Geoff Hurst
50%
1969 Geoff Hurst
50%
2019 Lukasz Fabianski
50%
2017 Michail Antonio
50%
2000 Paolo Di Canio
50%
2015 Aaron Cresswell
33%
2025 Aaron Wan-Bissaka
33%
2007 Carlos Tevez
33%
1990 Julian Dicks
33%
1992 Julian Dicks
33%
1996 Julian Dicks
33%
1997 Julian Dicks
33%
2026 Konstantinos Mavropanos
33%
2018 Marko Arnautovic
33%
1965 Martin Peters
33%
1998 Rio Ferdinand
33%
2008 Robert Green
33%
1999 Shaka Hislop
33%
2001 Stuart Pearce
33%
2013 Winston Reid
33%
1971 Billy Bonds
17%
1974 Billy Bonds
17%
1975 Billy Bonds
17%
1987 Billy Bonds
17%
1959 Ken Brown
17%
1991 Ludek Miklosko
17%
2004 Mattew Etherington
17%
2009 Scott Parker
17%
2010 Scott Parker
17%
2011 Scott Parker
17%
1972 Trevor Brooking
17%
1976 Trevor Brooking
17%
1977 Trevor Brooking
17%
1978 Trevor Brooking
17%
1984 Trevor Brooking
17%
1979 Alan Devonshire
0%
1980 Alvin Martin
0%
1982 Alvin Martin
0%
1983 Alvin Martin
0%
1958 Andy Malcolm
0%
2006 Danny Gabbidon
0%
1964 Johnny Byrne
0%
1962 Lawrie Leslie
0%
1960 Malcolm Musgrove
0%
1985 Paul Allen
0%
1989 Paul Ince
0%
1981 Phil Parkes
0%
1973 Pop Robson
0%
2002 Sebastien Schemmel
0%
1993 Steve Potts
0%
1995 Steve Potts
0%
1988 Stewart Robson
0%
2005 Teddy Sheringham
0%
1986 Tony Cottee
0%
1994 Trevor Morley
0%
No matching quizzes found
Score Distribution
Percent of People with Each Score
Percentile by Number Answered
Your Score History
You have not taken this quiz since the last reset